| 000 | 00452cam a2200181ua 4500 | ||
|---|---|---|---|
| 020 | _c145 | ||
| 041 |
_aeng _h |
||
| 082 |
_a624.17 _bRAM/ST |
||
| 100 | _aRamamrutham, S. | ||
| 245 | 0 | 0 |
_aSterngth of materials / _cS>Ramamrutham. _hTextual Documents |
| 260 |
_aNew Delhi : _bDhanpat Rai Publishing Co. Pvt. Ltd. , _c1953. |
||
| 300 | _a ; . | ||
| 365 | _a145 | ||
| 504 | _a | ||
| 700 | 1 | _aNarayanan, R . | |
| 942 | _cBK | ||
| 999 |
_c3120 _d3120 |
||